[Event "1. liga V 24/25, Orlova-SM"]
[Site ""]
[Date "2024.11.10"]
[Round "2.8"]
[White "Horsak, Jan"]
[Black "Horvath, Tomas"]
[Result "1/2-1/2"]
[WhiteFideId "327573"]
[BlackFideId "358630"]
[WhiteElo "1982"]
[BlackElo "2063"]
[PlyCount "0"]
[WhiteTeam "SK Stare Mesto"]
[BlackTeam "SK Slavia Orlova"]
[EventDate "2024.10.20"]

1. c4 e5 2. g3 Nf6 3. Bg2 Bc5 4. e3 O-O 5. a3 a5 6. d4 exd4 7. exd4 Re8+ 8. Ne2
Ba7 9. O-O Nc6 10. Nbc3 d6 11. h3 h6 12. Be3 Bf5 13. Nb5 Bb6 14. Nec3 Ne4 15.
Nxe4 Bxe4 16. Bxe4 Rxe4 17. c5 dxc5 18. dxc5 Ba7 19. Qxd8+ Rxd8 20. Rad1 Rxd1
21. Rxd1 Bb8 22. Kg2 Kf8 23. Kf3 Re6 24. Bf4 Re7 25. g4 Ke8 26. Rd5 Nd8 27. Bd2
c6 28. Nd6+ Bxd6 29. Rxd6 a4 30. Bc3 Ne6 31. Rd1 g6 32. Ba5 f6 33. Rd6 Ng5+ 34.
Kg2 Ne4 35. Rd8+ Kf7 36. Ra8 Nxc5 37. Bb4 Re5 38. Ra7 Ke6 39. Bxc5 Rxc5 40.
Rxb7 Rb5 41. Ra7 Rxb2 42. Rxa4 c5 43. Ra6+ Ke5 44. Rc6 Rb5 1/2-1/2

[Event "1. liga V 24/25, Grygov-Hostalkova"]
[Site ""]
[Date "2024.11.10"]
[Round "2.1"]
[White "Biolek, Richard"]
[Black "Slovak, Kilian"]
[Result "1/2-1/2"]
[WhiteFideId "319996"]
[BlackFideId "365440"]
[WhiteElo "2414"]
[BlackElo "2304"]
[PlyCount "0"]
[WhiteTeam "A64 PROCLIENT Grygov"]
[BlackTeam "Sachy Hostalkova"]
[EventDate "2024.10.20"]

1. e4 c5 2. Nf3 d6 3. d4 cxd4 4. Nxd4 Nf6 5. Nc3 g6 6. Be3 Bg7 7. f3 O-O 8.
Qd2 Nc6 9. O-O-O d5 10. exd5 Nxd5 11. Nxc6 bxc6 12. Bd4 e5 13. Bc5 Be6 14. Ne4
Rb8 15. c4 Qc7 16. Bd6 Qb6 17. Bc5 Qc7 18. Bd6 Qb6 1/2-1/2

[Event "1. liga V 24/25, Grygov-Hostalkova"]
[Site ""]
[Date "2024.11.10"]
[Round "2.2"]
[White "Bouska, Jiri"]
[Black "Biolek, Richard"]
[Result "1-0"]
[WhiteFideId "23722223"]
[BlackFideId "300756"]
[WhiteElo "2227"]
[BlackElo "2346"]
[PlyCount "0"]
[WhiteTeam "Sachy Hostalkova"]
[BlackTeam "A64 PROCLIENT Grygov"]
[EventDate "2024.10.20"]

1. e4 c5 2. Nf3 Nc6 3. d4 cxd4 4. Nxd4 Nf6 5. Nc3 e6 6. Ndb5 Bb4 7. a3 Bxc3+
8. Nxc3 d5 9. Bd3 dxe4 10. Nxe4 Nxe4 11. Bxe4 Qxd1+ 12. Kxd1 Bd7 13. Bd2 O-O
14. Bc3 f5 15. Bd3 e5 16. Bc4+ Kh8 17. Re1 Rae8 18. f4 e4 19. Ke2 Be6 20. Bxe6
Rxe6 21. Rad1 Kg8 22. Rd7 Rf7 23. Rd5 h5 24. Red1 a6 25. a4 Kh7 26. b4 Ne7 27.
Rd7 Rf8 28. Be5 Rc8 29. Rxb7 Rxc2+ 30. Rd2 Rxd2+ 31. Kxd2 h4 32. b5 axb5 33.
axb5 Kh6 34. Rd7 Nc8 35. Bxg7+ Kh5 36. Be5 Nb6 37. Rc7 Rg6 38. Rh7+ Kg4 39.
Ke2 Nc4 40. Bc7 Nd6 41. b6 Re6 42. Rd7 Nb7 43. Rg7+ Kh5 44. Rg5+ Kh6 45. Rxf5
Rc6 46. Ke3 1-0

[Event "1. liga V 24/25, Grygov-Hostalkova"]
[Site ""]
[Date "2024.11.10"]
[Round "2.3"]
[White "Sluka, Radek"]
[Black "Danada, Tomas"]
[Result "1-0"]
[WhiteFideId "305456"]
[BlackFideId "14919362"]
[WhiteElo "2291"]
[BlackElo "2175"]
[PlyCount "0"]
[WhiteTeam "A64 PROCLIENT Grygov"]
[BlackTeam "Sachy Hostalkova"]
[EventDate "2024.10.20"]

1. e4 c5 2. Nf3 Nc6 3. d4 cxd4 4. Nxd4 Nf6 5. Nc3 d6 6. Bc4 e5 7. Nde2 Be6 8.
Bb3 Be7 9. Bg5 O-O 10. O-O Na5 11. Bxf6 Bxf6 12. Qd3 Qb8 13. Rad1 Nxb3 14.
axb3 Rd8 15. Nd5 Bxd5 16. Qxd5 Qc7 17. c4 a6 18. Rd3 Rac8 19. Rfd1 Be7 20. Rf3
Bf8 21. Nc3 Qd7 22. h3 h6 23. Rg3 Qc6 24. Qd2 Kh7 25. Qe2 b5 26. Nd5 bxc4 27.
bxc4 Qxc4 28. Qf3 Rc7 29. b3 Qc2 30. Ra1 Qb2 31. Nxc7 Qxa1+ 32. Kh2 Kg8 33.
Nd5 Qc1 34. Qf6 Re8 35. Qf5 g6 36. Rxg6+ fxg6 37. Qxg6+ Kh8 38. Qxe8 Kg7 39.
Qd7+ 1-0

[Event "1. liga V 24/25, Grygov-Hostalkova"]
[Site ""]
[Date "2024.11.10"]
[Round "2.4"]
[White "Krejca, Jakub"]
[Black "Zurek, Milan"]
[Result "0-1"]
[WhiteFideId "365777"]
[BlackFideId "300241"]
[WhiteElo "2093"]
[BlackElo "2317"]
[PlyCount "0"]
[WhiteTeam "Sachy Hostalkova"]
[BlackTeam "A64 PROCLIENT Grygov"]
[EventDate "2024.10.20"]

1. e4 d5 2. exd5 Nf6 3. d4 Nxd5 4. c4 Nb6 5. Nc3 g6 6. Nf3 Bg7 7. Be2 O-O 8.
O-O Bg4 9. Be3 Nc6 10. d5 Bxf3 11. Bxf3 Ne5 12. c5 Nbc4 13. Be2 Nxe3 14. fxe3
c6 15. dxc6 bxc6 16. Qxd8 Rfxd8 17. Rad1 f5 18. Rd4 Rxd4 19. exd4 Ng4 20. Bc4+
Kf8 21. Ne2 Rd8 22. Re1 Bxd4+ 23. Nxd4 Rxd4 24. Bb3 Ke8 25. a3 Nf6 26. Be6 a5
27. Rb1 Re4 28. Ba2 Re2 29. Bb3 Kd7 30. Ba4 Nd5 31. Bd1 Rd2 32. b4 axb4 33.
axb4 Nc3 0-1

[Event "1. liga V 24/25, Grygov-Hostalkova"]
[Site ""]
[Date "2024.11.10"]
[Round "2.5"]
[White "Obsivac, Josef"]
[Black "Malcanek, Jan"]
[Result "1/2-1/2"]
[WhiteFideId "303690"]
[BlackFideId "339423"]
[WhiteElo "2276"]
[BlackElo "2006"]
[PlyCount "0"]
[WhiteTeam "A64 PROCLIENT Grygov"]
[BlackTeam "Sachy Hostalkova"]
[EventDate "2024.10.20"]

1. d4 Nf6 2. c4 d6 3. Nc3 Bf5 4. f3 e5 5. e4 exd4 6. exf5 dxc3 7. bxc3 Nfd7 8.
Bd3 Nc5 9. Ne2 Nbd7 10. O-O Be7 11. Ng3 O-O 12. Be2 Bg5 13. f4 Bf6 14. Qc2 Re8
15. Bd2 Bh4 16. Rfe1 c6 17. Bf1 Bxg3 18. hxg3 Nf6 19. Rxe8+ Qxe8 20. Re1 Qf8
21. Be2 Re8 22. Bf3 Rxe1+ 23. Bxe1 Qe8 24. Bf2 Qe7 25. g4 Nfe4 26. Qe2 Kf8 27.
Bd4 1/2-1/2

[Event "1. liga V 24/25, Grygov-Hostalkova"]
[Site ""]
[Date "2024.11.10"]
[Round "2.6"]
[White "Zelenka, Milan"]
[Black "Vaculik, Jakub"]
[Result "0-1"]
[WhiteFideId "312339"]
[BlackFideId "344109"]
[WhiteElo "1969"]
[BlackElo "2282"]
[PlyCount "0"]
[WhiteTeam "Sachy Hostalkova"]
[BlackTeam "A64 PROCLIENT Grygov"]
[EventDate "2024.10.20"]

1. d4 Nf6 2. Nf3 c5 3. d5 b5 4. c4 bxc4 5. Nc3 d6 6. e4 Bg4 7. Bxc4 Nbd7 8.
O-O g6 9. h3 Bxf3 10. Qxf3 Bg7 11. Qe2 O-O 12. Bf4 Qa5 13. Rad1 Rab8 14. Bc1
Rfc8 15. a3 Ne8 16. Bb5 Rc7 17. Bxd7 Rxd7 18. Rd3 Rdb7 19. h4 Rb3 20. h5 Qa6
21. hxg6 hxg6 22. Qf3 Nc7 23. Rfd1 Nb5 24. Ne2 Rxd3 25. Qxd3 Nc7 26. Qxa6 Nxa6
27. Rd2 Rb3 28. Kf1 f5 29. Ng3 Bh6 30. Rc2 Bxc1 31. Rxc1 fxe4 32. Rc4 Nc7 33.
Nxe4 Rxb2 34. Nxc5 dxc5 35. Rxc5 Ne8 36. Rc6 Kf7 37. Ra6 Rb7 38. Ke2 Rd7 39.
Kf3 Nf6 40. g3 Nxd5 41. Kg4 Nb6 42. f4 Kf6 43. a4 e6 44. Kf3 Nd5 45. g4 Rc7
46. Ra5 Rc3+ 47. Kf2 Rc4 48. Kg3 Rxf4 49. Rxa7 Kg5 50. a5 Rxg4+ 51. Kf3 Rf4+
52. Kg3 Ra4 0-1

[Event "1. liga V 24/25, Grygov-Hostalkova"]
[Site ""]
[Date "2024.11.10"]
[Round "2.7"]
[White "Zvolanek, Libor"]
[Black "Vraj, Ondrej"]
[Result "1-0"]
[WhiteFideId "303496"]
[BlackFideId "374644"]
[WhiteElo "2131"]
[BlackElo "1961"]
[PlyCount "0"]
[WhiteTeam "A64 PROCLIENT Grygov"]
[BlackTeam "Sachy Hostalkova"]
[EventDate "2024.10.20"]

1. e4 d5 2. exd5 Qxd5 3. Nc3 Qa5 4. Bc4 Nf6 5. Nge2 e5 6. O-O Bd6 7. Nb5 a6 8.
Nxd6+ cxd6 9. d4 b5 10. Bb3 O-O 11. Bg5 Nbd7 12. Ng3 Qc7 13. Nf5 Nb6 14. Nh6+
Kh8 15. dxe5 dxe5 16. Nxf7+ Rxf7 17. Bxf7 Bb7 18. Bb3 e4 19. Bxf6 gxf6 20. Qd4
Kg7 21. Rad1 1-0

[Event "1. liga V 24/25, Grygov-Hostalkova"]
[Site ""]
[Date "2024.11.10"]
[Round "2.8"]
[White "Kafka, Ales"]
[Black "Vitak, Pavel"]
[Result "0-1"]
[WhiteFideId "23750235"]
[BlackFideId "317870"]
[WhiteElo "1692"]
[BlackElo "2152"]
[PlyCount "0"]
[WhiteTeam "Sachy Hostalkova"]
[BlackTeam "A64 PROCLIENT Grygov"]
[EventDate "2024.10.20"]

1. e4 d6 2. d4 Nf6 3. Bd3 e5 4. dxe5 dxe5 5. Nf3 Nbd7 6. Bg5 Bc5 7. Nbd2 h6 8.
Bxf6 Qxf6 9. a4 a5 10. Nc4 O-O 11. O-O Re8 12. c3 Nf8 13. Ne3 c6 14. h3 Ng6
15. Ng4 Qf4 16. Qc1 Bxg4 17. hxg4 Qxg4 18. Ne1 Nf4 19. Qd1 Nh3+ 20. Kh2 Qxd1
21. Rxd1 Nxf2 22. Rd2 Ng4+ 23. Kh3 Nf6 24. Rf5 Rad8 25. Nf3 Be3 0-1

[Event "1. liga V 24/25, Hostalkova-Chotebor"]
[Site ""]
[Date "2024.11.24"]
[Round "3.1"]
[White "Warakomski, Tomasz"]
[Black "Jun, Rudolf"]
[Result "1-0"]
[WhiteFideId "1124552"]
[BlackFideId "376612"]
[WhiteElo "2539"]
[BlackElo "2186"]
[PlyCount "0"]
[WhiteTeam "Sachy Hostalkova"]
[BlackTeam "TJ CHS Chotebor"]
[EventDate "2024.10.20"]

1. e4 c5 2. Nf3 Nc6 3. Bb5 g6 4. Bxc6 dxc6 5. d3 Bg7 6. h3 Nf6 7. Nc3 Nd7 8.
Be3 b6 9. Qd2 h6 10. O-O e5 11. Nh2 g5 12. Ne2 Nf8 13. Ng3 Ng6 14. Nh5 O-O 15.
Ng4 Nf4 16. Nxg7 Bxg4 17. hxg4 Kxg7 18. g3 Ne6 19. Kg2 f6 20. f4 Qd7 21. fxe5
fxe5 22. Rf5 Nd4 23. Bxg5 Nxf5 24. gxf5 Rh8 25. Rh1 h5 26. Bh4 Kf7 27. Qc3 Qd4
28. Qb3+ c4 29. Qxc4+ Qxc4 30. dxc4 Rh7 31. Kf3 a5 32. Rd1 Ra7 33. Rd6 Rc7 34.
Ke3 a4 35. Re6 Rh8 36. Bf6 Re8 37. Bxe5 Rce7 38. Rxe7+ Rxe7 39. Bc3 Re8 40.
Kf4 Rg8 41. a3 Rg4+ 42. Kf3 Rg8 43. Bd4 Rd8 44. Bxb6 Rd2 45. Ba5 Rxc2 46. Bc3
c5 47. e5 Ke7 48. Ke4 Rf2 49. e6 Kd6 50. Be5+ Ke7 51. Bg7 Re2+ 52. Kf4 Rg2 53.
Bc3 Re2 54. Kg5 Re3 55. Bf6+ Kd6 56. Kxh5 Rxg3 57. Bg5 Rg2 58. Kg6 Rxb2 59. e7
Kd7 60. f6 1-0

[Event "1. liga V 24/25, Hostalkova-Chotebor"]
[Site ""]
[Date "2024.11.24"]
[Round "3.2"]
[White "Lang, Simon"]
[Black "Slovak, Kilian"]
[Result "0-1"]
[WhiteFideId "23712449"]
[BlackFideId "365440"]
[WhiteElo "2114"]
[BlackElo "2304"]
[PlyCount "0"]
[WhiteTeam "TJ CHS Chotebor"]
[BlackTeam "Sachy Hostalkova"]
[EventDate "2024.10.20"]

1. e4 c5 2. Nf3 d6 3. d4 cxd4 4. Nxd4 Nf6 5. Nc3 g6 6. g3 Bg7 7. Bg2 O-O 8.
O-O Nc6 9. Nde2 Rb8 10. a4 a6 11. h3 b5 12. axb5 axb5 13. Nd5 Nd7 14. c3 b4
15. Bd2 bxc3 16. Bxc3 Bxc3 17. bxc3 Nc5 18. Nd4 Bd7 19. f4 e6 20. Ne3 Qc7 21.
Ng4 f5 22. exf5 gxf5 23. Nh6+ Kg7 24. Bxc6 Bxc6 25. Ra6 Bd5 26. c4 Nxa6 27.
cxd5 Kxh6 28. g4 Qc5 29. Rf2 Qxd5 30. Rd2 Qe4 31. Nxf5+ Rxf5 0-1

[Event "1. liga V 24/25, Hostalkova-Chotebor"]
[Site ""]
[Date "2024.11.24"]
[Round "3.3"]
[White "Bouska, Jiri"]
[Black "Hrbek, Jachym"]
[Result "1-0"]
[WhiteFideId "23722223"]
[BlackFideId "23709138"]
[WhiteElo "2227"]
[BlackElo "2051"]
[PlyCount "0"]
[WhiteTeam "Sachy Hostalkova"]
[BlackTeam "TJ CHS Chotebor"]
[EventDate "2024.10.20"]

1. e4 c5 2. Nf3 Nc6 3. d4 cxd4 4. Nxd4 Qb6 5. Nb3 Nf6 6. Nc3 e6 7. a3 Be7 8.
Bd3 a6 9. f4 d5 10. e5 Nd7 11. Qe2 Qa7 12. Be3 Qb8 13. O-O b5 14. Qf2 g6 15.
Ne2 Qc7 16. a4 Rb8 17. axb5 axb5 18. Nc3 b4 19. Nb5 Qd8 20. Nd6+ Bxd6 21. exd6
Nf6 22. Bc5 Nd7 23. Nd4 Na5 24. Ba7 Rb7 25. Rxa5 Qxa5 26. Nc6 Qa4 27. Qh4 f6
28. Bxg6+ hxg6 29. Qxh8+ Nf8 30. Bc5 Qxc6 31. d7+ Kxd7 32. Qg7+ Kd8 33. Qxf6+
Kc7 34. Qxf8 Rb5 35. Bd4 Qxc2 36. Qe7+ Kc6 37. Ra1 Ra5 38. Re1 Kb5 39. Be3
Qxb2 40. Qe8+ Kc4 41. Qxc8+ Kb3 42. Qxe6 Qc2 43. Bb6 Rb5 44. Qe3+ Qc3 45. Rb1+
Ka4 46. Qf2 b3 47. Bd4 Qc2 48. Ra1+ Kb4 49. Qe1+ Kc4 50. Ra4+ Kd3 51. Qe3# 1-0

[Event "1. liga V 24/25, Hostalkova-Chotebor"]
[Site ""]
[Date "2024.11.24"]
[Round "3.4"]
[White "Ondracek, Ondrej"]
[Black "Gnida, Patrik"]
[Result "1/2-1/2"]
[WhiteFideId "325708"]
[BlackFideId "351660"]
[WhiteElo "2099"]
[BlackElo "2222"]
[PlyCount "0"]
[WhiteTeam "TJ CHS Chotebor"]
[BlackTeam "Sachy Hostalkova"]
[EventDate "2024.10.20"]

1. e4 e5 2. Nf3 Nc6 3. Bc4 Nf6 4. d3 Bc5 5. c3 d6 6. Bg5 a6 7. Bb3 Ba7 8. Nbd2
Qe7 9. Nf1 Be6 10. Ne3 h6 11. Bxf6 Qxf6 12. Nd5 Bxd5 13. Bxd5 Nd8 14. Qe2 c6
15. Bb3 Ne6 16. g3 O-O-O 17. h4 Rhe8 18. O-O-O Kb8 19. Kb1 Bb6 20. a3 Ka8 21.
Rhf1 g5 22. hxg5 hxg5 23. Nh2 Qg6 24. Bc2 f5 25. exf5 Qxf5 26. Ng4 Nd4 27. Qe4
Qxe4 28. dxe4 Nxc2 29. Kxc2 d5 30. exd5 cxd5 31. Nf6 Re6 32. Nxd5 Rf8 33.
Nxb6+ Rxb6 34. Rde1 Re6 35. Kd3 Rf3+ 36. Ke4 Ref6 1/2-1/2

[Event "1. liga V 24/25, Hostalkova-Chotebor"]
[Site ""]
[Date "2024.11.24"]
[Round "3.5"]
[White "Warchol, Kamil"]
[Black "Tuma, Jiri"]
[Result "1/2-1/2"]
[WhiteFideId "21858241"]
[BlackFideId "318337"]
[WhiteElo "2206"]
[BlackElo "2277"]
[PlyCount "0"]
[WhiteTeam "Sachy Hostalkova"]
[BlackTeam "TJ CHS Chotebor"]
[EventDate "2024.10.20"]

1. e4 c5 2. Nf3 Nc6 3. Bb5 g6 4. O-O Bg7 5. c3 Nf6 6. Re1 O-O 7. d4 d5 8. e5
Ne4 9. Bxc6 bxc6 10. Be3 Qb6 11. Qc1 c4 12. Nbd2 Nxd2 13. Nxd2 Bf5 14. b3 Bd3
15. Qa3 Rfe8 16. Bg5 Bf8 17. bxc4 dxc4 18. e6 f6 19. Bf4 Qb5 20. f3 Qf5 21.
Bg3 Bh6 22. Nf1 Bg5 23. h4 Bxf1 24. Kxf1 Bf4 25. Bxf4 Qxf4 26. Rab1 Qxh4 27.
Rb7 Qh1+ 28. Kf2 Qh4+ 29. Kf1 Rab8 30. Rxb8 Rxb8 31. Qxe7 Qh1+ 32. Kf2 Rb2+
33. Re2 Qh4+ 34. Ke3 Qg5+ 35. Kf2 Qh4+ 36. Ke3 1/2-1/2

[Event "1. liga V 24/25, Hostalkova-Chotebor"]
[Site ""]
[Date "2024.11.24"]
[Round "3.6"]
[White "Vala, Filip"]
[Black "Bohacek, Jan Andrej"]
[Result "1-0"]
[WhiteFideId "325490"]
[BlackFideId "23727357"]
[WhiteElo "2107"]
[BlackElo "2118"]
[PlyCount "0"]
[WhiteTeam "TJ CHS Chotebor"]
[BlackTeam "Sachy Hostalkova"]
[EventDate "2024.10.20"]

1. d4 d5 2. Nf3 Nf6 3. c4 c6 4. Nc3 dxc4 5. a4 Bf5 6. Ne5 Nbd7 7. Nxc4 Nb6 8.
Ne5 a5 9. g3 e6 10. Bg2 Bb4 11. O-O O-O 12. Na2 Be7 13. b3 Nbd5 14. Bb2 Nb4
15. Nxb4 Bxb4 16. Nd3 Be7 17. f3 Bxd3 18. Qxd3 Nd5 19. e4 Nb4 20. Qc4 Qb6 21.
Kh1 Rfd8 22. Rae1 Qa6 23. f4 b5 24. Qc3 Na2 25. Qf3 bxa4 26. bxa4 Rab8 27. Ba1
Qc4 28. f5 Rb3 29. Qg4 exf5 30. Qxf5 Rf8 31. d5 Nc3 32. Rc1 cxd5 33. exd5 Bb4
34. Rf4 Qe2 35. Rf2 Qe3 36. Rfc2 Ne2 37. Qg4 Nc3 38. Qc4 Ra3 39. Bxc3 Bxc3 40.
Rxc3 Rxc3 41. Qxc3 1-0

[Event "1. liga V 24/25, Hostalkova-Chotebor"]
[Site ""]
[Date "2024.11.24"]
[Round "3.7"]
[White "Bednarik, Josef"]
[Black "Tuma, Jan"]
[Result "1-0"]
[WhiteFideId "359017"]
[BlackFideId "345903"]
[WhiteElo "2052"]
[BlackElo "1974"]
[PlyCount "0"]
[WhiteTeam "Sachy Hostalkova"]
[BlackTeam "TJ CHS Chotebor"]
[EventDate "2024.10.20"]

1. d4 d5 2. Nf3 Nf6 3. g3 e6 4. Bg2 Be7 5. O-O O-O 6. c4 b6 7. Nc3 Bb7 8. Ne5
Ne4 9. cxd5 exd5 10. Qc2 f6 11. Nd3 Re8 12. Bf4 Nxc3 13. bxc3 Nc6 14. Rab1 Na5
15. Nb2 Ba6 16. Rfe1 c6 17. e4 Nc4 18. exd5 Nxb2 19. Qxb2 cxd5 20. Re6 Bc4 21.
Rbe1 Kf7 22. Qc2 g6 23. Qa4 a5 24. Qc6 Rc8 25. Qb7 Kf8 26. h4 Bxa2 27. Bd6
Bxd6 28. Rxe8+ Qxe8 29. Rxe8+ Rxe8 30. Qxb6 Re1+ 31. Kh2 Be7 32. Qxa5 Re2 33.
Qa8+ Kg7 34. Bxd5 Bxd5 35. Qxd5 Rxf2+ 36. Kg1 Rc2 37. Qe4 Rc1+ 38. Kf2 Kf8 39.
Qa8+ Kg7 40. Qb7 Kf8 41. Qc8+ Kg7 42. d5 Rd1 43. Qc7 Kf7 44. c4 1-0

[Event "1. liga V 24/25, Hostalkova-Chotebor"]
[Site ""]
[Date "2024.11.24"]
[Round "3.8"]
[White "Sukdolak, Radek"]
[Black "Krejca, Jakub"]
[Result "0-1"]
[WhiteFideId "361283"]
[BlackFideId "365777"]
[WhiteElo "2009"]
[BlackElo "2093"]
[PlyCount "0"]
[WhiteTeam "TJ CHS Chotebor"]
[BlackTeam "Sachy Hostalkova"]
[EventDate "2024.10.20"]

1. d4 d5 2. Nf3 Nf6 3. c4 e6 4. Nc3 Be7 5. Bg5 O-O 6. e3 Nbd7 7. c5 c6 8. h3
Re8 9. Bf4 Nf8 10. Be2 Ng6 11. Bh2 Nd7 12. O-O Bf6 13. b4 a6 14. a4 e5 15. Qb3
exd4 16. exd4 Nh4 17. Rad1 Nxf3+ 18. Bxf3 Nf8 19. b5 axb5 20. axb5 Ne6 21. Ne2
Qa5 22. b6 g5 23. Bg4 Nxc5 24. dxc5 Bxg4 25. hxg4 Rxe2 26. Qf3 Re6 27. Bd6 Qa4
28. Rd3 Qe4 29. Ra3 Ra4 30. Qb3 Rc4 31. Ra7 Bd4 32. Rxb7 Rc3 33. Qb1 Bxf2+ 34.
Kh1 Rh3+ 35. Bh2 Rxh2+ 0-1

[Event "1. liga V 24/25, SM-Grygov"]
[Site ""]
[Date "2024.11.24"]
[Round "3.1"]
[White "Svanda, Ondrej"]
[Black "Biolek, Richard"]
[Result "1/2-1/2"]
[WhiteFideId "359670"]
[BlackFideId "319996"]
[WhiteElo "2391"]
[BlackElo "2414"]
[PlyCount "0"]
[WhiteTeam "SK Stare Mesto"]
[BlackTeam "A64 PROCLIENT Grygov"]
[EventDate "2024.10.20"]

1. e4 e5 2. Nf3 Nc6 3. Bc4 Nf6 4. d3 Be7 5. O-O O-O 6. Nc3 d6 7. a3 Be6 8. Nd5
Bxd5 9. exd5 Nb8 10. Re1 Nbd7 11. d4 e4 12. Nd2 Nb6 13. Bb3 Nbxd5 14. Nxe4 Re8
15. Ng3 Bf8 16. Rxe8 Qxe8 17. c4 Nb6 18. Be3 c6 19. Qd3 d5 20. c5 Nbd7 21. Bc2
g6 22. Re1 Bg7 23. Re2 Nf8 24. Bh6 Qd7 25. Bxg7 Kxg7 26. Re3 Re8 27. Ne2 Ne6
28. f3 Re7 29. g3 h5 30. h4 Qc7 31. Kf2 Kf8 32. b4 a6 33. Qd2 Kg7 34. Qe1 Kf8
35. Qd2 Kg7 36. Qc3 Qd7 37. a4 Qe8 38. Qd3 Nc7 39. Nf4 Rxe3 40. Qxe3 Qxe3+ 41.
Kxe3 Ng8 42. Bd3 Ne7 43. g4 hxg4 44. fxg4 Kh6 45. Ne2 Ne6 46. Ng3 Kg7 47. b5
axb5 48. axb5 cxb5 49. Bxb5 Nc6 50. Ne2 Kf6 51. Ba4 Na5 52. Bd7 b6 53. cxb6
1/2-1/2

[Event "1. liga V 24/25, SM-Grygov"]
[Site ""]
[Date "2024.11.24"]
[Round "3.3"]
[White "Worek, Joanna"]
[Black "Sluka, Radek"]
[Result "0-1"]
[WhiteFideId "1118080"]
[BlackFideId "305456"]
[WhiteElo "2246"]
[BlackElo "2291"]
[PlyCount "0"]
[WhiteTeam "SK Stare Mesto"]
[BlackTeam "A64 PROCLIENT Grygov"]
[EventDate "2024.10.20"]

1. e4 d5 2. exd5 Nf6 3. d4 Nxd5 4. h3 g6 5. Nf3 Bg7 6. Be2 O-O 7. O-O Nc6 8.
c4 Nb6 9. Be3 e5 10. d5 Ne7 11. a4 Nf5 12. Nc3 Nxe3 13. fxe3 e4 14. Nxe4 Bxb2
15. Ra2 Bg7 16. Nf2 Qe7 17. e4 Nd7 18. Kh1 a5 19. Qc1 Nc5 20. Qf4 Ra6 21. Bd1
Rb6 22. Bc2 Re8 23. Re1 Bc3 24. Re2 f6 25. Qe3 Bb4 26. Qd4 Nd7 27. Nd3 Bd6 28.
Qc3 Nc5 29. Nxc5 Bxc5 30. Rb2 Rb4 31. Rxb4 axb4 32. Qa1 Qd6 33. Qe1 Qa6 34.
Bb3 Bd7 35. Ra2 Qd6 36. Qh4 g5 37. Qe1 Qf4 38. Re2 Bxh3 39. e5 fxe5 40. Re4
Qf6 41. Qg3 Bf5 42. Nxg5 Qg7 43. Rh4 e4 44. Rf4 Qa1+ 0-1

[Event "1. liga V 24/25, SM-Grygov"]
[Site ""]
[Date "2024.11.24"]
[Round "3.4"]
[White "Zurek, Milan"]
[Black "Babula, Matej"]
[Result "1/2-1/2"]
[WhiteFideId "300241"]
[BlackFideId "398322"]
[WhiteElo "2317"]
[BlackElo "2104"]
[PlyCount "0"]
[WhiteTeam "A64 PROCLIENT Grygov"]
[BlackTeam "SK Stare Mesto"]
[EventDate "2024.10.20"]

1.d4 d5 2.c3 Nf6 3.Nf3 Bf5 4.Qb3 b6 5.Bg5 e6 6.Nbd2 Be7 7.Nh4 Bg6 8.e3 O-O
9.Nxg6 hxg6 10.Be2 c5 11.a4 Nc6 12.O-O Rc8 13.Rfd1 Qc7 14.Bf4 Bd6 15.Bxd6 Qxd6
16.Qa3 Rfd8 17.Nb3 c4 18.Qxd6 Rxd6 19.Nd2 Rdd8 20.Bf3 Ne7 21.g3 a6 22.e4 dxe4
23.Bxe4 Nxe4 24.Nxe4 Nd5 25.Kf1 Nf6 26.Nd2 Rd7 27.Ke2 Rb7 28. Ra2 Nd5 29.Ne4
Rbb8 30.Kd2 Nf6 31.Ng5 Rd8 32.Nf3 Rbc8 33.Re1 Rd5 34.Ne5
Nd7 35.Nxd7 1/2-1/2

[Event "1. liga V 24/25, SM-Grygov"]
[Site ""]
[Date "2024.11.24"]
[Round "3.5"]
[White "Cagasik, Tomas"]
[Black "Obsivac, Josef"]
[Result "1/2-1/2"]
[WhiteFideId "316865"]
[BlackFideId "303690"]
[WhiteElo "2151"]
[BlackElo "2276"]
[PlyCount "0"]
[WhiteTeam "SK Stare Mesto"]
[BlackTeam "A64 PROCLIENT Grygov"]
[EventDate "2024.10.20"]

1. Nf3 Nf6 2. c4 g6 3. b3 Bg7 4. Bb2 c5 5. g3 b6 6. Bg2 Bb7 7. O-O O-O 8. Nc3
d6 9. d4 cxd4 10. Nxd4 Bxg2 11. Kxg2 Qc8 12. e4 Qb7 13. Re1 Nbd7 14. f3 a6 15.
Qd2 Rfe8 16. Rac1 Rac8 1/2-1/2

[Event "1. liga V 24/25, SM-Grygov"]
[Site ""]
[Date "2024.11.24"]
[Round "3.6"]
[White "Bokhnak, Timofey"]
[Black "Mrkus, Frantisek"]
[Result "1-0"]
[WhiteFideId "14172976"]
[BlackFideId "345334"]
[WhiteElo "2274"]
[BlackElo "2114"]
[PlyCount "0"]
[WhiteTeam "A64 PROCLIENT Grygov"]
[BlackTeam "SK Stare Mesto"]
[EventDate "2024.10.20"]

1. e4 e5 2. Nf3 Nc6 3. Nc3 Nf6 4. Bb5 Bb4 5. d3 Nd4 6. Ba4 b5 7. Bb3 Nxb3 8.
axb3 d6 9. O-O Qd7 10. Bg5 Bxc3 11. bxc3 Qg4 12. Qd2 O-O 13. c4 bxc4 14. bxc4
Nh5 15. c5 Nf4 16. Bxf4 exf4 17. Ra5 f5 18. cxd6 cxd6 19. e5 Bb7 20. h3 Qh5
21. Qxf4 Bxf3 22. Qxf3 Qxf3 23. gxf3 dxe5 24. Rxe5 Rac8 25. Re2 Rfe8 26. Rxe8+
Rxe8 27. Ra1 Re7 28. Kf1 Kf7 29. c4 f4 30. h4 Rd7 31. Ke2 Rb7 32. d4 Kg6 33.
Kd3 Kh5 34. Ke4 Kxh4 35. c5 Kg5 36. c6 Re7+ 37. Kd5 Kf6 38. Rc1 1-0

[Event "1. liga V 24/25, SM-Grygov"]
[Site ""]
[Date "2024.11.24"]
[Round "3.7"]
[White "Vrana, Frantisek"]
[Black "Vaculik, Jakub"]
[Result "1/2-1/2"]
[WhiteFideId "302066"]
[BlackFideId "344109"]
[WhiteElo "2114"]
[BlackElo "2282"]
[PlyCount "0"]
[WhiteTeam "SK Stare Mesto"]
[BlackTeam "A64 PROCLIENT Grygov"]
[EventDate "2024.10.20"]

1. d4 Nf6 2. Nc3 d5 3. Bg5 e6 4. e4 Be7 5. e5 Nfd7 6. Bxe7 Qxe7 7. Qg4 g6 8.
h4 h5 9. Qg3 a6 10. f4 b5 11. Nf3 b4 12. Na4 Bb7 13. Nd2 Bc6 14. Qb3 Kf8 15.
c3 a5 16. Rc1 Bxa4 17. Qxa4 Kg7 18. Be2 Rc8 19. Nf3 bxc3 20. bxc3 c5 21. Rb1
Nc6 22. Kf2 Rab8 23. Rxb8 Ndxb8 24. Rb1 Qa7 25. Ke3 Ne7 26. Bd3 Nbc6 27. a3
cxd4+ 28. cxd4 Rb8 29. Rxb8 Qxb8 30. Qc2 $11 Qb6 31. Qc3 a4 32. Qc2 Qa5 33.
Qc5 Qa8 34. Qb6 Kf8 35. Ba6 Nf5+ 36. Kd3 Nce7 37. Bb5 Ng3 38. Qa6 Qb8 39. Qxa4
Ne4 40. Qb4 Qc7 41. Qb2 Nf5 42. a4 Kg7 43. Ke2 Qa5 44. Kf1 Nfg3+ 45. Kg1 Nc3
46. Be8 Qa6 47. Bb5 1/2-1/2

[Event "1. liga V 24/25, SM-Grygov"]
[Site ""]
[Date "2024.11.24"]
[Round "3.8"]
[White "Fuksik, Jakub"]
[Black "Horsak, Jan"]
[Result "0-1"]
[WhiteFideId "305197"]
[BlackFideId "327573"]
[WhiteElo "2061"]
[BlackElo "1982"]
[PlyCount "0"]
[WhiteTeam "A64 PROCLIENT Grygov"]
[BlackTeam "SK Stare Mesto"]
[EventDate "2024.10.20"]

1. e4 d6 2. d4 Nf6 3. Nc3 g6 4. f4 Bg7 5. Nf3 c5 6. d5 O-O 7. Be2 b5 8. Nxb5
Nxe4 9. O-O a6 10. Na3 Nd7 11. Nc4 Bb7 12. c3 Rc8 13. Qd3 Nef6 14. Ne3 c4 15.
Nxc4 Nxd5 16. Bd2 a5 17. Rad1 N7f6 18. Bc1 Ba6 19. Qd4 e6 20. Rfe1
Ng4 21. Qe4 Bxc4 22. Bxc4 Qb6+ 0-1